| 000 | 01537nam0a2200349 i 4500 | ||
|---|---|---|---|
| 001 | RU\NLR\BIBL_A\010984193 | ||
| 005 | 20240921185142.0 | ||
| 010 |
_a9785170938216 _94000 |
||
| 021 |
_aRU _b2016-8082 _9522 |
||
| 035 | _a(NILC)RuMoRGB-008135807 | ||
| 035 | _a(NLR Aleph) 010984193 | ||
| 090 |
_a10891569 _c10891569 |
||
| 100 | _a20160219d2016 b y0rusy50 ca | ||
| 101 | 0 | _arus | |
| 102 | _aRU | ||
| 105 | _aa|||z|||000yy | ||
| 200 | 1 |
_aПолный годовой курс занятий для детей 2-3 лет _e64 наклейки _e[развитие речи, окружающий мир, цвет, форма, размер, счёт от 1до 5, мелкая моторика _eвсе самое важное и нужное в одной книге _eдля детей до 3 лет _fМария Викторовна Малышкина] |
|
| 210 |
_aМосква _cАСТ _d2016 |
||
| 215 |
_a191, [1] с., [4] л. цв. наклеек _cцв. ил. _d26 |
||
| 225 | 1 | _aПолный курс занятий с наклейками | |
| 333 | _a0+ | ||
| 606 | 1 |
_aДети раннего возраста _xРазвивающее обучение _92186420 _3RU\NLR\AUTH\6601550679 |
|
| 675 | _a373 | ||
| 686 | 1 | _aЧ411.331 | |
| 686 | 1 | _aЧ491.31-11 | |
| 702 | 1 |
_aМалышкина _bМ. В. _gМария Викторовна _4220 |
|
| 801 | 0 |
_aRU _bРГБ _c20160204 _gRCR |
|
| 801 | 1 |
_aRU _bРГБ _c20160204 _2rusmarc |
|
| 942 | _cBOOK | ||
| 980 | _aNBR | ||